000
00230nam a22000857a 4500
008
161215b xxu||||| |||| 00| 0 eng d
100
_9
2081
_a
Aggarwal, J.C
245
_a
Elementry GUidence and Counseling
260
_a
NEW DELHI
_b
Arya
_c
2007
999
_c
4957
_d
4957